| 000 | 00359nam a22001577a 4500 | ||
|---|---|---|---|
| 003 | MACL | ||
| 005 | 20151120152703.0 | ||
| 008 | 151120b xxu||||| |||| 00| 0 eng d | ||
| 040 | _cMACL | ||
| 041 | _aEnglish | ||
| 082 | _a741-642 | ||
| 100 |
_aVerne,Jules _917635 |
||
| 245 | _aAround the World In 80 Days | ||
| 650 |
_aChildren _917636 |
||
| 942 |
_2ddc _cBK |
||
| 999 |
_c50757 _d50757 |
||